A life of Picasso / (Record no. 1148)

000 -LEADER
fixed length control field 01519nam a22004217a 4500
001 - CONTROL NUMBER
control field 1038112
003 - CONTROL NUMBER IDENTIFIER
control field OSt
005 - DATE AND TIME OF LATEST TRANSACTION
control field 20210203092053.0
008 - FIXED-LENGTH DATA ELEMENTS--GENERAL INFORMATION
fixed length control field 890327m19919999nyua 001 0beng
010 ## - LIBRARY OF CONGRESS CONTROL NUMBER
LC control number 89042915
020 ## - INTERNATIONAL STANDARD BOOK NUMBER
International Standard Book Number 0394531922 (v. 1)
020 ## - INTERNATIONAL STANDARD BOOK NUMBER
International Standard Book Number 0394559185 (v. 2)
020 ## - INTERNATIONAL STANDARD BOOK NUMBER
International Standard Book Number 978030726651 (v. 3)
040 ## - CATALOGING SOURCE
Original cataloging agency DLC
Transcribing agency DLC
Modifying agency DLC
Language of cataloging eng
041 ## - LANGUAGE CODE
Language code of text/sound track or separate title eng
043 ## - GEOGRAPHIC AREA CODE
Geographic area code e-fr---
050 00 - LIBRARY OF CONGRESS CALL NUMBER
Classification number N6853.P5
Item number R56 1991
080 ## - UNIVERSAL DECIMAL CLASSIFICATION NUMBER
Universal Decimal Classification number 7
Item number R-53
082 00 - DEWEY DECIMAL CLASSIFICATION NUMBER
Classification number 709/.2
-- B
Edition number 20
100 1# - MAIN ENTRY--PERSONAL NAME
Personal name Richardson, John,
Dates associated with a name 1924-2019.
245 12 - TITLE STATEMENT
Title A life of Picasso /
Statement of responsibility, etc. John Richardson with the collaboration of Marilyn McCully.
Remainder of title / by: Random House
250 ## - EDITION STATEMENT
Edition statement 1st edition
260 ## - PUBLICATION, DISTRIBUTION, ETC.
Place of publication, distribution, etc. New York
Name of publisher, distributor, etc. Random House
Date of publication, distribution, etc. c1991-< 2007 >
300 ## - PHYSICAL DESCRIPTION
Extent v. <1-3 > :volume 2 548 p.
Other physical details ill.
Dimensions 26 cm.
365 ## - TRADE PRICE
Price amount 39.95 usd
504 ## - BIBLIOGRAPHY, ETC. NOTE
Bibliography, etc. note Includes bibliographical references and index.
505 1# - FORMATTED CONTENTS NOTE
Formatted contents note v. 1. 1881-1906 -- v. 2. 1907-1917 -- [v. 3.] 1917-1932
600 10 - SUBJECT ADDED ENTRY--PERSONAL NAME
Personal name Picasso, Pablo,
Dates associated with a name 1881-1973.
650 #0 - SUBJECT ADDED ENTRY--TOPICAL TERM
Topical term or geographic name entry element Artists
Geographic subdivision France
Form subdivision Biography.
650 #0 - SUBJECT ADDED ENTRY--TOPICAL TERM
Topical term or geographic name entry element Art
9 (RLIN) 447
653 ## - INDEX TERM--UNCONTROLLED
Uncontrolled term ხელოვნება
700 1# - ADDED ENTRY--PERSONAL NAME
Personal name McCully, Marilyn.
856 42 - ELECTRONIC LOCATION AND ACCESS
Materials specified Contributor biographical information
Uniform Resource Identifier <a href="http://www.loc.gov/catdir/bios/random056/89042915.html">http://www.loc.gov/catdir/bios/random056/89042915.html</a>
856 42 - ELECTRONIC LOCATION AND ACCESS
Materials specified Publisher description
Uniform Resource Identifier <a href="http://www.loc.gov/catdir/description/random0412/89042915.html">http://www.loc.gov/catdir/description/random0412/89042915.html</a>
856 41 - ELECTRONIC LOCATION AND ACCESS
Materials specified Sample text
Uniform Resource Identifier <a href="http://www.loc.gov/catdir/enhancements/fy0806/89042915-s.html">http://www.loc.gov/catdir/enhancements/fy0806/89042915-s.html</a>
906 ## - LOCAL DATA ELEMENT F, LDF (RLIN)
a 7
b cbu
c orignew
d 1
e ocip
f 19
g y-gencatlg
942 ## - ADDED ENTRY ELEMENTS (KOHA)
Source of classification or shelving scheme
Koha item type Books
Edition 1
Holdings
Withdrawn status Lost status Source of classification or shelving scheme Damaged status Not for loan Permanent location Current location Date acquired Inventory number Total Checkouts Full call number Barcode Date last seen Price effective from Koha item type
          Ken Walker International University Ken Walker International University 02/03/2021 866   7 R-53 866 02/03/2021 02/03/2021 Books

Powered by Koha